| 000 | 00704nam a2200265 a 4500 | ||
|---|---|---|---|
| 005 | 20170914103831.0 | ||
| 008 | 140314b1988 ck ||||| |||| 00| 0 spa d | ||
| 020 | _a0070421714 | ||
| 040 |
_aCO-BoIAVH _cCO-BoIAVH |
||
| 041 | _aspa | ||
| 044 | _ack | ||
| 082 |
_a338.521 _bM64m |
||
| 100 | 1 | _aLeroy Miller, Roger | |
| 245 | _aMicroeconomía | ||
| 250 | _a3 ed. | ||
| 260 |
_aBogotá _bMcGraw-Hill _c1988 |
||
| 300 | _a703 páginas | ||
| 650 | 1 | 4 | _aMicroeconomia |
| 650 | 1 | 4 |
_aMonopolios _vCreación |
| 650 | 1 | 4 |
_aCompetitividad _vMercados |
| 650 | 1 | 4 |
_aProducción _vCostos |
| 700 | _aMeiners, Roger E. | ||
| 942 |
_cLIBRO _2ddc |
||
| 945 | _d2005-01-25 | ||
| 999 |
_c4310 _d4310 |
||